Представление документа в формате MARC21

ПолеНазваниеЗначение
  Тип записи a
  Библиографический уровень m
001 Контрольный номер RU\infra-m\znanium\bibl\2237637
005 Дата корректировки 20260429142343.1
008 Кодируемые данные 251230s2025 RU g rus u
020 Индекс ISBN __
a ISBN 978-5-91768-844-2
020 Индекс ISBN __
a ISBN 978-5-16-114012-3 (электр. издание)
020 Индекс ISBN __
a ISBN 978-5-16-012915-0 (ISBN соиздателя)
040 Источник каталогиз. __
a Служба первич. каталог. Общество с ограниченной ответственностью «ЗНАНИУМ»
041 Код языка издания __
a Код языка текста rus
044 Код страны публикации __
a Код страны публикации RU
080 Индекс УДК __
a Индекс УДК 340(075)
084 Индекс другой классификации/Индекс ББК __
2 Источник индекса rubbk
a Индекс другой классификации/Индекс ББК 67.0
084 Индекс другой классификации/Индекс ББК __
2 Источник индекса okso
a Индекс другой классификации/Индекс ББК 40.03.01
084 Индекс другой классификации/Индекс ББК __
2 Источник индекса okso
a Индекс другой классификации/Индекс ББК 40.05.01
084 Индекс другой классификации/Индекс ББК __
2 Источник индекса okso
a Индекс другой классификации/Индекс ББК 40.05.02
084 Индекс другой классификации/Индекс ББК __
2 Источник индекса okso
a Индекс другой классификации/Индекс ББК 40.05.03
084 Индекс другой классификации/Индекс ББК __
2 Источник индекса okso
a Индекс другой классификации/Индекс ББК 40.05.04
084 Индекс другой классификации/Индекс ББК __
2 Источник индекса okso
a Индекс другой классификации/Индекс ББК 41.03.01
084 Индекс другой классификации/Индекс ББК __
2 Источник индекса okso
a Индекс другой классификации/Индекс ББК 41.03.06
084 Индекс другой классификации/Индекс ББК __
2 Источник индекса okso
a Индекс другой классификации/Индекс ББК 44.03.05
100 Автор __
a Автор Морозова Л.А.
q Полное имя Морозова Людмила Александровна
u Дополнение Московский государственный юридический университет им. О.Е. Кутафина
245 Заглавие __
a Заглавие Теория государства и права
b Продолж. заглавия Учебник
c Ответственность Московский государственный юридический университет им. О.Е. Кутафина; Российский государственный университет правосудия г. Москва им. В.М. Лебедева
250 Сведения об издании __
g перераб. и доп.
a Основные сведения об издании 6
260 Выходные данные __
a Место издания Москва
b Издательство ООО "Юридическое издательство Норма"
c Дата издания 2026
300 Физическое описание __
a Объем 464 с.
520 Аннотация __
a Аннотация В учебник включен ряд новых вопросов которые до сих пор не рассматривались в курсе «Теория государства и права» но приобрели в последнее время значительную актуальность. Изучение этих вопросов поможет студентам в формировании юридического мышления творческого подхода к приобретению юридических знаний самостоятельности в суждениях и оценках государственно правовой действительности. Учебник полностью соответствует Государственному образовательному стандарту программе дисциплины «Теория государства и права» для юридических вузов. Темы излагаются в последовательности которая доказала свою целесообразность в учебном процессе и ориентирует на эффективное усвоение основополагающих понятий категорий и юридических конструкций. Для студентов всех форм обучения юридических вузов слушателей других учебных заведений юридического профиля преподавателей и аспирантов.
521 Примеч. о цел. назн. __
a Примеч. о целев. назн. ВО - Бакалавриат
650 Тематические рубрики __
a Основная рубрика Право. Юридические науки
x Основная подрубрика Теория права. Правоведение
655 Указ. предметных рубрик (устаревшее) __
a Жанр/ форма (устаревшее) Учебник
856 Электронный адрес документа 4_
a Имя сервера/домена znanium.ru
m Помощь ebs_support@infra-m.ru
n Местонахождение сервера НИЦ ИНФРА-М
u URL https://znanium.ru/catalog/document?id=475408
856 Электронный адрес документа 48
a Имя сервера/домена znanium.ru
d Путь /cover/2237
f Электронное имя 2237637.jpg
q Тип электронного формата image/jpeg
u URL https://znanium.ru/cover/2237/2237637.jpg
911 __
u 0030=https://znanium.ru/catalog/document?id=475408
911 __
u 712a=Российский государственный университет правосудия г. Москва им. В.М. Лебедева